Diagnóstico de la iluminación del complejo INS-Salud de acuerdo con la norma INTE 31-08-06-2000
Salvato in:
| Autore principale: | |
|---|---|
| Natura: | Libro |
| Pubblicazione: |
[San José, Costa Rica]
2009
|
| Soggetti: | |
| Tags: |
Aggiungi Tag
Nessun Tag, puoi essere il primo ad aggiungerne!!
|
MARC
| LEADER | 00000nam a2200000Ia 4500 | ||
|---|---|---|---|
| 001 | 5973 | ||
| 003 | 001454 | ||
| 005 | 20221231144045.0 | ||
| 008 | 140114s2009 cr a 000 ||s d | ||
| 040 | |c cru CEDI | ||
| 100 | |a Esquivel Coto, David Esteban |9 3550 | ||
| 245 | |a Diagnóstico de la iluminación del complejo INS-Salud de acuerdo con la norma INTE 31-08-06-2000 | ||
| 260 | |a [San José, Costa Rica] |c 2009 | ||
| 300 | |a viii, 117 hojas; ilustraciones (algunas a color), planos | ||
| 500 | |a Proyecto de graduación (bachillerato en ingeniería eléctrica)--Universidad de Costa Rica. Facultad de ingeniería. Escuela de Ingeniería Eléctrica | ||
| 650 | |x INSTALACIONES ELECTRICAS - EQUIPO ELECTRICO |x MEDIDAS DE SEGURIDAD |x ALUMBRADO ARQUITECTONICO |x ALUMBRADO |x INGENIERÍA ELÉCTRICA |x SEGURIDAD INDUSTRIAL |9 3551 | ||
| 942 | |c BK | ||
| 999 | |c 16255 |d 16255 | ||
